000 00461nam a2200193Ia 4500
008 240510s9999 xx 000 0 und d
020 _a0000262133806
041 _aEng
082 _a004.3
082 _bM24
100 _aMELAMED I.D.
245 0 _aEMPIRICAL METHODS FOR EXPLOITING PARALLEL TEXTS
260 _bLONDON : MIT
260 _c2001
300 _a195 p.
650 _aPROCESSING MODES : PARALLEL PROCESSING
942 _2ddc
942 _cLBK
999 _c25100
_d25100
945 _a1
_bMadushi Gamage
_c1
_dMadushi Gamage